| 000 | 00402nam a2200157Ia 4500 | ||
|---|---|---|---|
| 008 | 230917s9999||||xx |||||||||||||| ||und|| | ||
| 020 | _cRS200 | ||
| 040 |
_e8548 _aMAIN |
||
| 041 | _aEnglish | ||
| 082 | _a327.116 K167P | ||
| 100 | _aKaushik, Devendra | ||
| 245 | 0 | _aPerspectives on security in Indain Ocean region | |
| 260 |
_aNew Delhi _bAllied Publishers _c1987 |
||
| 300 | _a139 p. | ||
| 942 | _cBK | ||
| 999 |
_c50472 _d50472 |
||